United States foreign economic policy. (Record no. 89990)
[ view plain ]
| 000 -LEADER | |
|---|---|
| fixed length control field | 00875cam a22002531 4500 |
| 001 - CONTROL NUMBER | |
| control field | sd 48000053 |
| 003 - CONTROL NUMBER IDENTIFIER | |
| control field | DLC |
| 005 - DATE AND TIME OF LATEST TRANSACTION | |
| control field | 20260227112735.0 |
| 008 - FIXED-LENGTH DATA ELEMENTS--GENERAL INFORMATION | |
| fixed length control field | 860725s1948 dcu 000 0 eng c |
| 010 ## - LIBRARY OF CONGRESS CONTROL NUMBER | |
| LC control number | sd 48000053 |
| 035 ## - SYSTEM CONTROL NUMBER | |
| System control number | (OCoLC)13943345 |
| 040 ## - CATALOGING SOURCE | |
| Original cataloging agency | U.S. Dept. of State. Library |
| Transcribing agency | DGW |
| Modifying agency | DGW |
| -- | OCoLC |
| -- | DLC |
| 042 ## - AUTHENTICATION CODE | |
| Authentication code | premarc |
| 050 00 - LIBRARY OF CONGRESS CALL NUMBER | |
| Classification number | HF1456 1948 |
| Item number | .B73 |
| 100 1# - MAIN ENTRY--PERSONAL NAME | |
| Personal name | Brown, Winthrop Gilman, |
| Dates associated with a name | 1907- |
| 245 10 - TITLE STATEMENT | |
| Title | United States foreign economic policy. |
| 260 ## - PUBLICATION, DISTRIBUTION, ETC. | |
| Place of publication, distribution, etc. | [Washington, |
| Name of publisher, distributor, etc. | U.S. Govt. Print. Off., |
| Date of publication, distribution, etc. | 1948] |
| 300 ## - PHYSICAL DESCRIPTION | |
| Extent | 11 p. |
| Dimensions | 26 cm. |
| 490 1# - SERIES STATEMENT | |
| Series statement | [U. S.] Dept. of State. Publication |
| Volume/sequential designation | 3097. |
| Series statement | General foreign policy series, |
| Volume/sequential designation | 1 |
| 500 ## - GENERAL NOTE | |
| General note | Cover title. |
| 651 #0 - SUBJECT ADDED ENTRY--GEOGRAPHIC NAME | |
| Geographic name | United States |
| General subdivision | Economic policy. |
| 830 #0 - SERIES ADDED ENTRY--UNIFORM TITLE | |
| Uniform title | Department of State publication ; |
| Volume/sequential designation | 3097. |
| 810 1# - SERIES ADDED ENTRY--CORPORATE NAME | |
| Corporate name or jurisdiction name as entry element | United States. |
| Subordinate unit | Department of State. |
| Title of a work | General foreign policy series ; |
| Volume/sequential designation | 1. |
No items available.